00638nam a2200169 a 450000100100000000500170001000800410002704000250006808200130009310000290010624500710013526000350020630000210024150000780026295201110034099900170045100004360520201002044856.0140327d1981 dr 000 0 spa d aDO-SdBNPbspacBNPHU axxxbxxx1 aTaveras, Juan ML.97141513aEl pacto democrático :bdoctrina política /cJuan ML. Taveras. aSanto Domingo :bNivar,c1981. a335 p. ;c20 cm. aIncluye datos biográficos del autor en la solapas de las contracubierta 0010718PDaPDbPDcCTd2014-03-27iLF1l0oxxx xxxp43605-10r2020-06-25w2020-06-25yLFPDZNo se presta c43094d43094